Democracia representativa en Costa Rica: análisis del sistema de elección de diputados en Costa Rica y sus perspectivas de cambio /
Gorde:
| Egile nagusia: | |
|---|---|
| Beste egile batzuk: | |
| Formatua: | Tesis |
| Argitaratua: |
San José:
Universidad de Costa Rica
|
| Gaiak: | |
| Etiketak: |
Etiketa erantsi
Etiketarik gabe, Izan zaitez lehena erregistro honi etiketa jartzen!
|
MARC
| LEADER | 00000 a a2200000 04500 | ||
|---|---|---|---|
| 001 | 31962 | ||
| 003 | |||
| 040 | |a CRAI/IIS |c CRAI/IIS | ||
| 090 | |a 19900.00 | ||
| 100 | |a Casas Zamora, Kevin | ||
| 245 | |a Democracia representativa en Costa Rica: análisis del sistema de elección de diputados en Costa Rica y sus perspectivas de cambio / |c Kevin Casas Zamora | ||
| 260 | |a San José: |b Universidad de Costa Rica | ||
| 300 | |a 254 páginas; 1 vol | ||
| 502 | |a Tesis (Licenciatura en Derecho) -- Universidad de Costa Rica. Facultad de Derecho, 1991 | ||
| 650 | |a DEMOCRACIA | ||
| 650 | |a ELECCIONES | ||
| 650 | |a PODER LEGISLATIVO | ||
| 650 | |a PARTIDOS POLITICOS | ||
| 650 | |a TEORIA POLITICA | ||
| 650 | |a COSTA RICA | ||
| 700 | |a Briceño Fallas, Olman | ||
| 999 | |c 17957 |d 17957 | ||
